Die 10 kleinsten Gemeinden der Schweiz - Statistiken

Allgemein
  • Dieses Quiz wurde 7 mal gespielt
  • Das Durchschnittsergebnis liegt bei 1 aus 10
Antwortstatistiken
Rang Gemeinde Kanton % Korrekt
1 Gottlieben TG
80%
2 Rivaz VD
20%
7 Grancia TI
0%
9 Gravesano TI
0%
10 Massagno TI
0%
5 Mauraz VD
0%
8 Meienried BE
0%
3 Meyriez FR
0%
6 Muralto TI
0%
4 Paudex VD
0%
Keine übereinstimmenden Quizze gefunden
Verteilung der Resultate
Anzahl Personen mit jedem Resultat
Perzentil nach korrekt beantworteten Fragen
Ihre Resultats-Entwicklung
Sie haben dieses Quiz noch nicht gespielt